|
|
|
|
| LEADER |
00000naa2a2200000 4500 |
| 001 |
151507 |
| 005 |
20231031150736.0 |
| 035 |
|
|
|a (RuTPU)RU\TPU\book\164274
|
| 035 |
|
|
|a RU\TPU\tpu\15563
|
| 090 |
|
|
|a 151507
|
| 100 |
|
|
|a 20090123d1994 k y0rusy50 ca
|
| 101 |
0 |
|
|a rus
|
| 102 |
|
|
|a RU
|
| 200 |
1 |
|
|a Определение платиновых металлов, серебра и золота в природных и промышленных материалах методом инверсионной вольтамперометрии
|f Н. А. Колпакова, А. Ф. Коробейников
|
| 461 |
|
1 |
|0 (RuTPU)RU\TPU\book\78199
|t Благородные и редкие металлы
|o сборник информационных материалов международной конференции "БРМ -94", 19-22 сентября 1994 г., Донецк
|o в 4-х ч.
|f Международная инженерная академия; Государственный Комитет Украины по вопросам науки и технологии
|d 1994
|
| 463 |
|
0 |
|0 (RuTPU)RU\TPU\book\78208
|t Ч. 2
|v С. 31-32
|d 1994
|p 83 с.
|
| 610 |
1 |
|
|a труды учёных ТПУ
|
| 700 |
|
1 |
|a Колпакова
|b Н. А.
|c девичья фамилия Полукарова
|c российский химик
|c профессор Томского политехнического университета, доктор химических наук
|c Почетный химик России (1996 г.)
|f 1942-
|g Нина Александровна
|2 stltpush
|3 (RuTPU)RU\TPU\pers\21963
|
| 701 |
|
1 |
|a Коробейников
|b А. Ф.
|c российский геолог, доктор геолого-минералогических наук
|c профессор Томского политехнического университета
|f 1934-
|g Александр Феопенович
|2 stltpush
|3 (RuTPU)RU\TPU\pers\12688
|4 070
|
| 801 |
|
1 |
|a RU
|b 63413507
|c 20090123
|g PSBO
|
| 801 |
|
2 |
|a RU
|b 63413507
|c 20110426
|g PSBO
|
| 942 |
|
|
|c BK
|